000 00686nam a22001337a 4500
040 _cRUA
082 _aAVM ENG 2009 B087 Or.1
100 _aENG, SEANGLONG.
245 _aEffect of using mung bean leaves in concentrate on growing avian chicken at rua, ឥទ្ធិពលនៃការប្រើប្រាស់ស្លឹកសណ្ដែកបាយជាចំណីផ្សំទៅលើការលូតលាស់របស់មាន់សាច់ AVIAN​ នៅ ស.វ.ភ.ក
260 _aPhnom Penh
_bRUA
_c2009
300 _ax; 47p.
_bill.
_c29cm.
856 _uhttps://drive.google.com/file/d/1gdIrXkInQCBXaaTMmxyWxNxi83g9bJCd/view?usp=sharing
942 _cATMSP
999 _c2342
_d2342